00481nam a22001457a 4500040000900000082001600009100003100025245007500056260004400131300001800175500000700193942001200200999001900212952010400231 cNUST a355.0095491 aDr. Safdar Ali Shah954662 aPakistan Ordnance Factories :bA Story of Glory /cDr. Safdar Ali Shah aRawalpindi :bA POF Publication,c2019. axxiii : 322p. aHB 2ddccBK c614628d614628 00102ddc4070aSMMEbSMMEcGENd2025-09-02l0o355.0095491pSMME-4670r2025-09-02w2025-09-02yBK